Plant science in action Investigation

This book contains 26 practical investigations which are suitable for use in the teaching of A Level Biology syllabuses and other related courses. These investigations are designed to both complement the biological content of these courses, and to allow the assessment of scientific skills

Guardat en:
Dades bibliogràfiques
Autor principal: Caroline Barnes
Format: Llibre
Idioma:Undetermined
Publicat: London Hodder and Stoughton 1994
Matèries:
Etiquetes: Afegir etiqueta
Sense etiquetes, Sigues el primer a etiquetar aquest registre!
Thư viện lưu trữ: Trung tâm Học liệu Trường Đại học Cần Thơ
LEADER 00864nam a2200217Ia 4500
001 CTU_15014
008 210402s9999 xx 000 0 und d
020 |b 110df 
082 |a 631 
082 |b B261 
100 |a Caroline Barnes 
245 0 |a Plant science in action 
245 0 |b Investigation 
245 0 |c Caroline Barnes, Nick Poore 
260 |a London 
260 |b Hodder and Stoughton 
260 |c 1994 
520 |a This book contains 26 practical investigations which are suitable for use in the teaching of A Level Biology syllabuses and other related courses. These investigations are designed to both complement the biological content of these courses, and to allow the assessment of scientific skills 
650 |a plant physiology 
904 |i Nguyễn Quang Điền, 970107 
980 |a Trung tâm Học liệu Trường Đại học Cần Thơ